Climate change implications for fisheries and aquaculture : (Record no. 16028)

000 -LEADER
fixed length control field 01291cam a22002894a 4500
020 ## - INTERNATIONAL STANDARD BOOK NUMBER
ISBN 9789251063477
020 ## - INTERNATIONAL STANDARD BOOK NUMBER
ISBN 9251063478
040 ## - CATALOGING SOURCE
Transcribing agency BTCTA
082 ## - DEWEY DECIMAL CLASSIFICATION NUMBER
Classification number 639 FOO 2009 A083 Or.
245 00 - TITLE STATEMENT
Title Climate change implications for fisheries and aquaculture :
Remainder of title overview of current scientific knowledge /
260 ## - PUBLICATION, DISTRIBUTION, ETC. (IMPRINT)
Place of publication Rome :
Name of publisher Food and Agriculture Organization of the United Nations,
Year of publication 2009.
300 ## - PHYSICAL DESCRIPTION
Number of Pages v, 212 p. :
Other physical details ill. (some col.), maps (some col.) ;
Dimensions 30 cm.
490 1# - SERIES STATEMENT
Series statement FAO fisheries and aquaculture technical paper,
500 ## - GENERAL NOTE
General note Three technical papers that were presented and discussed during the Expert Workshop on Climate Change Implications for Fisheries and Aquaculture (Rome, 7-9 Apr. 2008).
520 ## - SUMMARY, ETC.
Summary, etc This document provides an overview of the current scientific knowledge available on climate change implications for fisheries and aquaculture.--Publisher's description.
650 #0 - SUBJECT ADDED ENTRY--TOPICAL TERM
Topical Term Fisheries
650 #0 - SUBJECT ADDED ENTRY--TOPICAL TERM
Topical Term Aquaculture
700 1# - ADDED ENTRY--PERSONAL NAME
Personal name Cochrane, K. L.
700 1# - ADDED ENTRY--PERSONAL NAME
Personal name Perry, Richard Ian,
700 1# - ADDED ENTRY--PERSONAL NAME
Personal name Daw, Tim M.
700 1# - ADDED ENTRY--PERSONAL NAME
Personal name Soto, Doris.
700 12 - ADDED ENTRY--PERSONAL NAME
Personal name Barange, Manuel,
700 12 - ADDED ENTRY--PERSONAL NAME
Personal name De Silva, Sena S.
710 2# - ADDED ENTRY--CORPORATE NAME
Corporate name or jurisdiction name as entry element Food and Agriculture Organization of the United Nations.
856 11 - ELECTRONIC LOCATION AND ACCESS
Uniform Resource Identifier ftp://ftp.fao.org/docrep/fao/012/i0994e/i0994e.pdf
942 ## - ADDED ENTRY ELEMENTS (KOHA)
Koha item type សៀវភៅភាសាអង់គ្លេស

No items available.

មជ្ឈមណ្ឌលឯការនៃសាកលវិទ្យាល័យភូមិន្ទកសិកម្មចំការដូង

Powered by Koha